书目信息 |
| 题名: |
中国文学批评史
|
|
| 作者: | ;复旦大学中文系古典文学教研组 编 | |
| 分册: | 中 | |
| 出版信息: | 上海 上海古籍出版社 1981.11 |
|
| 页数: | 456页 | |
| 开本: | 21cm | |
| 丛书名: | ||
| 单 册: | ||
| 中图分类: | I206.09 | |
| 科图分类: | ||
| 主题词: | 文学--中国 | |
| 电子资源: | ||
| ISBN: | ||
| 000 | 00620nam0 2200193 45 | |
| 001 | 0312221749 | |
| 005 | 20070729085205.13 | |
| 010 | @dCNY1.40 | |
| 091 | @a10186.278 | |
| 100 | @a20031222d1981 km y0chiy0120 ea | |
| 101 | @achi | |
| 200 | 1 | @a中国文学批评史@AZhong Guo Wen Xue Pi Ping Shi@h中@f复旦大学中文系古典文学教研组编@FFu Dan Da Xue ZhongWen Xi Gu Dian Wen Xue Jiao Yan Zu Bian |
| 210 | @a上海@c上海古籍出版社@d1981.11 | |
| 215 | @a456页@d21cm | |
| 606 | 0 | @a文学@x中国 |
| 690 | @aI206.09@v3 | |
| 711 | 02 | @a复旦大学中文系古典文学教研组@4编 |
| 801 | @aCN@bTSTCL@c20070729 | |
| 905 | @dI206.09@e1@f1@b64148@b64150@f1 | |
| 中国文学批评史.中/复旦大学中文系古典文学教研组编.-上海:上海古籍出版社,1981.11 |
| 456页;21cm |
| ISBN :CNY1.40 |
| ● |
| 相关链接 |
|
|
|
|
正题名:中国文学批评史
索取号:I206.09/1
 
预约/预借
| 序号 | 登录号 | 条形码 | 馆藏地/架位号 | 状态 | 备注 |
| 1 | 0064148 | 000667923 | 第二借阅区/ [索取号:I206.09/1] | 在馆 | |
| 2 | 0064149 | 001672835 | 密集书库/ [索取号:I206.09/1] | 在馆 | |
| 3 | 0064151 | 001924920 | 密集书库/ [索取号:I206.09/1] | 在馆 | |
| 4 | 0064152 | 000668138 | 第一样本阅览室/ [索取号:I206.09/1] | 在馆 | |
| 5 | 0229307 | 001829392 | 密集书库/ [索取号:I206.09/1] | 在馆 | |
| 6 | 0229308 | 001829365 | 密集书库/ [索取号:I206.09/1] | 在馆 | |
| 7 | 0421887 | 204218872 | 密集书库/ [索取号:I206.09/1] | 在馆 | |
| 8 | 0421888 | 204218881 | 密集书库/ [索取号:I206.09/1] | 在馆 | |
| 9 | 0472170 | 204721701 | 密集书库/ [索取号:I206.09/1] | 在馆 | |
| 10 | 0785709 | 207857096 | 密集书库/ [索取号:I206.09/1] | 在馆 |